|
|
|
|
| LEADER |
00696cam a2200205 a 4500 |
| 001 |
0000085109 |
| 005 |
20070323090000.0 |
| 040 |
|
|
|a mod
|
| 041 |
|
|
|a eng
|
| 020 |
0 |
0 |
|a 0130900729
|
| 090 |
0 |
0 |
|a 362.0425
|b CUL
|e 2006
|
| 245 |
0 |
0 |
|a Culture in rehabilitation
|b from competency to proficiency
|c edited by Matin Royeen and Jeffrey L. Crabtree
|
| 260 |
0 |
0 |
|a Upper Saddle River, N.J
|b Pearson Education
|c 2006
|
| 300 |
0 |
0 |
|a xiv, 386 p.
|b ill., maps
|c 24 cm
|
| 650 |
0 |
0 |
|a Attitude of Health Personnel
|
| 650 |
0 |
0 |
|a Rehabilitation
|
| 650 |
0 |
0 |
|a Cultural awareness
|
| 700 |
1 |
1 |
|a Royeen
|h A. Matin
|q (Abdul Matin)
|
| 700 |
1 |
1 |
|a Crabtree
|h Jeffrey L
|
| 999 |
|
|
|a 0247170
|b KD Malaya
|d BOOKS
|e Umum
|f KD MALAYA
|j AVAILABLE
|q GOOD CONDITION
|